Encyklopedie moderních rodičů. : Praktický rádce v těhotenství, při narození a pro první dva roky života. /
Uložené v:
| Hlavný autor: | |
|---|---|
| Médium: | Kniha |
| Jazyk: | Czech German |
| Vydané: |
Praha :
Knižní klub, spol. s r.o.,
1997
|
| Vydanie: | 1. vyd. |
| Témy: | |
| ISBN: |
8071764787 (viaz.) |
| Fyzický popis: |
317 s. |
| Tagy: |
Pridať tag
Žiadne tagy, Buďte prvý kto otaguje tento záznam!
|
Titul je dostupný aj v ... 

MARC
| LEADER | 00000nam a2200000 a 4500 | ||
|---|---|---|---|
| 001 | 000043607 | ||
| 003 | SVKK | ||
| 005 | 19980610000000.0 | ||
| 008 | 980209s1997 cs e czeo | ||
| 020 | |a 8071764787 (viaz.) | ||
| 040 | |a SVKKK |b slo |c SVKKK |e AACR2 | ||
| 041 | 1 | |a cze |h ger | |
| 044 | |a cs |c CS | ||
| 080 | |a 618.2/.7(03) |2 1997 | ||
| 080 | |a 613.99(03) |2 1997 | ||
| 080 | |a 613.95(03) |2 1997 | ||
| 100 | 1 | |a Schuster-Brink, Carola |4 aut | |
| 245 | 1 | 0 | |a Encyklopedie moderních rodičů. : |b Praktický rádce v těhotenství, při narození a pro první dva roky života. / |c Carola Schuster-Brink |
| 250 | |a 1. vyd. | ||
| 260 | |a Praha : |b Knižní klub, spol. s r.o., |c 1997 | ||
| 300 | |a 317 s. | ||
| 653 | 0 | |a tehotenstvo |2 SVKKKPH | |
| 653 | 0 | |a pôrod |2 SVKKKPH | |
| 653 | 0 | |a deti |2 SVKKKPH | |
| 653 | 0 | |a encyklopédie |2 SVKKKPH | |
| 655 | 7 | |a encyklopédie |2 SVKKKPH | |
| 910 | |a svkkk | ||
| 919 | |a 80-7176-478-7 | ||
| 974 | |a MI |d 19980316 | ||
| 974 | |a PA |d 19980402 | ||
| 974 | |a EG |d 19980610 | ||
| 998 | |a BK | ||
| 090 | |g SCKHL |k Sklad Pribinova prízemie |a IV.177640 |j 915210 |i 2720106751 |s Absenčne | ||
| 090 | |g SCKHL |k Sklad Pribinova prízemie |a IV.177764 |j 915653 |i 2720068691 |s Absenčne | ||